LEADER 01290cam--2200409---450 001 990001710840203316 005 20210121111500.0 035 $a000171084 035 $aUSA01000171084 035 $a(ALEPH)000171084USA01 035 $a000171084 100 $a20040528d1972----km-y0itay50------ba 101 1 $aita$cger 102 $aIT 105 $ay|||||||001yy 200 1 $aCritica illuminista e crisi della societā borghese$fReinhart Koselleck 210 $aBologna$cIl Mulino$d1972 215 $aXXII, 281 p.$d21 cm 225 2 $aCollezione di testi e di studi$iStoriografia 300 $aTraduzione di Giuseppina Panzieri 410 0$12001$aCollezione di testi e di studi$iStoriografia 454 0$12001$aKritik und Krise$926858 606 0 $aPolitica$xTeorie$zSec. 17.-18.$2BNCF 676 $a320.509032 700 1$aKOSELLECK,$bReinhart$0126804 702 1$aPANZIERI,$bGiuseppina 801 0$aIT$bsalbc$gISBD 912 $a990001710840203316 951 $aX.2.B. 1549(IV C Coll. 23/2)$b65395 L.M.$cX.2.$d00027251 951 $aX.2.B. 1549a(IV C Coll. 23/2 bis)$b51179 L.M.$cX.2.$d00027246 951 $a900 940.25 KOS$b1357 DISES 959 $aBK 969 $aUMA 969 $aGIU 969 $aDISES 996 $aKritik und Krise$926858 997 $aUNISA LEADER 01317nam a2200325 i 4500 001 991000800869707536 005 20020506123919.0 008 951220s1990 us ||| | eng 035 $ab10131425-39ule_inst 035 $aLE00637072$9ExL 040 $aDip.to Fisica$bita 084 $a52.9.58 084 $a53.2.4 084 $a522'.2 084 $aQB88 111 2 $aInternational Conference on advanced technology optical telescopes IV <1982 ; Tucson, Arizona>$0461000 245 10$aAdvanced technology optical telescopes IV :$bproceedings of the International Conference held at Tucson, Arizona, March 11-13, 1982 /$cedited by L. Barr 260 $aBellingham :$bSPIE,$c1990 300 $a2 v. :$bill. ;$c28 cm. 490 0 $aSPIE Proceedings ;$v1236 650 4$aTelescopes 700 1 $aBarr, L. 710 2 $aSPIE 907 $a.b10131425$b17-02-17$c27-06-02 912 $a991000800869707536 945 $aLE006 52.9.57+52.9.58 BAR$cPart 2$g1$i2006000029582$lle006$o-$pE0.00$q-$rl$s- $t0$u0$v0$w0$x0$y.i1015372x$z27-06-02 945 $aLE006 52.9.57+52.9.58 BAR$cPart 1$g1$i2006000029599$lle006$o-$pE0.00$q-$rl$s- $t0$u0$v0$w0$x0$y.i10153731$z27-06-02 996 $aAdvanced technology optical telescopes IV$9186117 997 $aUNISALENTO 998 $ale006$b01-01-95$cm$da $e-$feng$gus $h0$i2 LEADER 02108nas 2200613-- 450 001 996202846803316 005 20240201213018.0 035 $a(CKB)954921368588 035 $a(CONSER)---75646014- 035 $a(EXLCZ)99954921368588 100 $a20751216a19759999 --- a 101 0 $aeng 181 $ctxt$2rdacontent 182 $cc$2rdamedia 183 $acr$2rdacarrier 200 00$aEmployee relations law journal 210 $a[New York]$c[Executive Enterprises Publications Co.] 215 $a1 online resource 300 $aRefereed/Peer-reviewed 300 $aPublisher: Executive Enterprises Publications Co., 1975-<19>; John Wiley & Sons, <1996-> 311 $aPrint version: Employee relations law journal. (DLC) 75646014 (OCoLC)60621747 0098-8898 531 $aEMPLOYEE RELAT LAW J 531 0 $aEmpl. relat. law j. 606 $aLabor laws and legislation$zUnited States$vPeriodicals 606 $aIndustrial relations$zUnited States$vPeriodicals 606 $aIndustrial relations$2fast$3(OCoLC)fst00971609 606 $aLabor laws and legislation$2fast$3(OCoLC)fst00989967 606 $aArbeidsrecht$2gtt 606 $aArbeidsverhoudingen$2gtt 606 $aArbeitsrecht$2stw 606 $aArbeitsbeziehungen$2stw 606 $aUSA$2stw 606 $aArbeitskräfte$2stw 606 $aWirtschaftswissenschaft$2stw 607 $aUnited States$2fast$1https://id.oclc.org/worldcat/entity/E39PBJtxgQXMWqmjMjjwXRHgrq 608 $aPeriodicals.$2fast 608 $aPeriodicals.$2lcgft 615 0$aLabor laws and legislation 615 0$aIndustrial relations 615 7$aIndustrial relations. 615 7$aLabor laws and legislation. 615 17$aArbeidsrecht. 615 17$aArbeidsverhoudingen. 615 7$aArbeitsrecht. 615 7$aArbeitsbeziehungen. 615 7$aUSA. 615 7$aArbeitskräfte. 615 7$aWirtschaftswissenschaft. 676 $a344/.73/0105 906 $aJOURNAL 912 $a996202846803316 920 $aexl_impl conversion 996 $aEmployee relations law journal$92305491 997 $aUNISA